| 000 | 00471nam a2200181Ia 4500 | ||
|---|---|---|---|
| 001 | 21231 | ||
| 005 | 20260306172904.0 | ||
| 008 | 260306t2025||||xx |||||||||||||| ||spa|| | ||
| 041 | _aESP | ||
| 082 |
_a344.3 _bD69 |
||
| 100 |
_aDíaz y García Conlledo, Miguel, _eAUT |
||
| 245 | 0 |
_aAutoría y participación : _bestudios generales y especiales |
|
| 260 | _c2025 | ||
| 300 |
_a847 páginas : _c25 cm. |
||
| 650 | _aGEN | ||
| 654 | _aCDE | ||
| 942 |
_cLIB _dJUS _fJUS _2ddc _n |
||
| 999 |
_c21231 _d21231 |
||